Normal view
MARC view
- Dhake A.M
Entry Corporate Name
001 - CONTROL NUMBER
- control field: 163986
003 - CONTROL NUMBER IDENTIFIER
- control field: OSt
005 - DATE AND TIME OF LATEST TRANSACTION
- control field: 20230313125537.0
008 - FIXED-LENGTH DATA ELEMENTS
- fixed length control field: 230313|| aca||aabn | a|a d
040 ## - CATALOGING SOURCE
- Original cataloging agency: OSt
- Transcribing agency: OSt
110 ## - HEADING--CORPORATE NAME
- Corporate name or jurisdiction name as entry element: Dhake A.M
670 ## - SOURCE DATA FOUND
- Source citation: Work cat.: (OSt)125417: Dhake A.M. 163985, Television And Video Engineering, 2011